000 00569nam a22002177a 4500
003 UA-OsUOA
001 37059
007 ta
008 20060222b un ||||| |||| 00| 0 ukr d
100 _aПрес-служба Промінвестбанук
090 _a330(477)
942 _cSA
040 _aUA-OsUOA
_bukr
_cUA-OsUOA
_dUA-OsUOA
245 _aЗаява прес-служби Промінвестбанку
300 _aС.3
955 _a0
041 _aukr
080 _a330(477)
773 0 _w37058
650 7 _a330 Економіка взагалі
_2UDC
999 _c323285
_d323285